[Event "Werner-Ott-Open Kreuzberger Sommer 2014"]
[Site "Berlin"]
[Date "2014.07.12"]
[Round "8.1"]
[White "Simon, Ralf-Axel"]
[Black "Stern, Rene"]
[Result "0-1"]
[WhiteElo "2230"]
[BlackElo "2527"]
[PlyCount "45"]
[EventDate "2014.??.??"]
[WhiteTeam "TSG Neuruppin"]
[BlackTeam "SK König Tegel 1949 e.V."]

1. Nf3 Nf6 2. c4 e6 3. Nc3 d5 4. d4 Be7 5. Bf4 O-O 6. Rc1 c6 7. e3 Nbd7 8. h3
Ne4 9. Bd3 Nxc3 10. bxc3 b6 11. cxd5 cxd5 12. c4 Bb4+ 13. Ke2 dxc4 14. Be4 Ba6
15. Qa4 Ba5 16. Bxa8 c3+ 17. Kd1 Nc5 18. Qa3 Qxa8 19. Bd6 Ne4 20. Bxf8 Nxf2+
21. Ke1 Nxh1 22. Bb4 Qe4 23. Ng1 0-1

[Event "Werner-Ott-Open Kreuzberger Sommer 2014"]
[Site "Berlin"]
[Date "2014.07.12"]
[Round "8.2"]
[White "Richter, Michael"]
[Black "Lindborg, Petter"]
[Result "1-0"]
[WhiteElo "2491"]
[BlackElo "2222"]
[PlyCount "63"]
[EventDate "2014.??.??"]
[WhiteTeam "SK König Tegel 1949 e.V."]
[BlackTeam "Solna SS"]

1. d4 e6 2. e4 d5 3. Nd2 Nc6 4. Ngf3 Nf6 5. e5 Nd7 6. c4 Be7 7. Bd3 Nb4 8. Bb1
dxc4 9. Nxc4 Nb6 10. Ne3 c5 11. O-O Nc6 12. dxc5 Qxd1 13. Rxd1 Bxc5 14. Be4 Bd7
15. Bd2 Rd8 16. Rdc1 Bxe3 17. Bxe3 Nd5 18. Bc5 f6 19. Re1 Kf7 20. Rad1 Nde7 21.
Bd6 Rc8 22. b4 f5 23. Bc2 Rhd8 24. Ng5+ Kg6 25. Nh3 Kf7 26. Bb3 h6 27. Nf4 Ng6
28. Nxg6 Kxg6 29. b5 Na5 30. Be7 Kf7 31. Bxd8 Rxd8 32. Rd6 1-0

[Event "Werner-Ott-Open Kreuzberger Sommer 2014"]
[Site "Berlin"]
[Date "2014.07.12"]
[Round "8.3"]
[White "Meister, Jakob"]
[Black "Jahnz, Fabian"]
[Result "1-0"]
[WhiteElo "2478"]
[BlackElo "2270"]
[PlyCount "139"]
[EventDate "2014.??.??"]
[WhiteTeam "SK Zehlendorf e.V."]
[BlackTeam "SK König Tegel 1949 e.V."]

1. e4 e5 2. f4 exf4 3. Bc4 Ne7 4. Nc3 Ng6 5. Nf3 Be7 6. O-O O-O 7. d4 d6 8. Ne2
Be6 9. Bd3 f5 10. d5 fxe4 11. Bxe4 Bf7 12. Nfd4 c6 13. Nxf4 Nxf4 14. Bxf4 cxd5
15. Bf5 Nc6 16. Ne6 Bxe6 17. Bxe6+ Kh8 18. Bxd5 Qb6+ 19. Kh1 Qxb2 20. Rb1 Qd4
21. Qxd4 Nxd4 22. c3 Ne2 23. Bd2 Rxf1+ 24. Rxf1 Bf6 25. Rf3 Rc8 26. c4 b6 27.
g3 Re8 28. Bb4 Nd4 29. Rf2 Re2 30. Rxe2 Nxe2 31. Bxd6 Nc3 32. a3 b5 33. Bc5 a5
34. Be6 Ne4 35. Bf8 bxc4 36. Bxc4 Be5 37. Kg2 Bd6 38. Bxd6 Nxd6 39. Bd3 Kg8 40.
Kf3 Kf7 41. Ke3 h6 42. Kd4 Ke6 43. Kc5 Ke5 44. a4 g5 45. Bg6 Nc8 46. Kb5 Ne7
47. Bh5 Kd4 48. Kxa5 Kc5 49. Ka6 Kb4 50. Bd1 Nc6 51. Be2 Nd4 52. Bb5 Nb3 53.
Kb6 Na5 54. g4 Nb3 55. h3 Nd4 56. Be8 Nb3 57. Kc7 Nd4 58. Kb6 Nb3 59. Bd7 Nc5
60. Bb5 Nb3 61. Kc6 Nd4+ 62. Kd5 Nf3 63. Ke4 Nh4 64. Ke5 Ng2 65. Kf5 Ka5 66.
Bc6 Nf4 67. h4 Ne2 68. hxg5 hxg5 69. Kxg5 Nd4 70. Bd7 1-0

[Event "Werner-Ott-Open Kreuzberger Sommer 2014"]
[Site "Berlin"]
[Date "2014.07.12"]
[Round "8.4"]
[White "Kaiser, Elmar"]
[Black "Muse, Drazen"]
[Result "1-0"]
[WhiteElo "2163"]
[BlackElo "2407"]
[PlyCount "91"]
[EventDate "2014.??.??"]
[WhiteTeam "SK Tauberbischofsheim"]
[BlackTeam "SK König Tegel 1949 e.V."]

1. e4 c6 2. d4 d5 3. Nc3 dxe4 4. Nxe4 Nd7 5. Ng5 Ngf6 6. Bd3 e6 7. N1f3 Bd6 8.
Qe2 h6 9. Ne4 Nxe4 10. Qxe4 Nf6 11. Qe2 b6 12. O-O O-O 13. Bd2 Bb7 14. Rad1 Re8
15. Ne5 Qc7 16. Rfe1 c5 17. dxc5 Qxc5 18. c4 Bxe5 19. Qxe5 Qxe5 20. Rxe5 Rad8
21. Be2 Ne4 22. Be1 f6 23. Rxe6 Nc5 24. Rxe8+ Rxe8 25. Bh5 Re7 26. Bg6 Rd7 27.
Rxd7 Nxd7 28. Bc3 Nf8 29. Be8 Ne6 30. f3 Kf8 31. Bg6 Ke7 32. Kf2 Nf4 33. Bf5 g6
34. Bc2 f5 35. Bd2 Ne6 36. Bxh6 Nd4 37. Bd3 Nc6 38. Bg7 Ke6 39. Ke3 g5 40. g3
Ne7 41. Bh6 g4 42. fxg4 fxg4 43. Kf4 Bf3 44. h3 Bd1 45. hxg4 b5 46. Bf8 1-0

[Event "Werner-Ott-Open Kreuzberger Sommer 2014"]
[Site "Berlin"]
[Date "2014.07.12"]
[Round "8.5"]
[White "Von Herman, Ulf"]
[Black "Brüdigam, Martin"]
[Result "1/2-1/2"]
[WhiteElo "2379"]
[BlackElo "2328"]
[PlyCount "20"]
[EventDate "2014.??.??"]
[WhiteTeam "SK König Tegel 1949 e.V."]
[BlackTeam "SK König Tegel 1949 e.V."]

1. c4 c6 2. d4 d5 3. Nf3 Nf6 4. e3 Bf5 5. Nc3 a6 6. Qb3 Ra7 7. a4 e6 8. Nh4 Be4
9. f3 dxc4 10. Qd1 Bd3 1/2-1/2

[Event "Werner-Ott-Open Kreuzberger Sommer 2014"]
[Site "Berlin"]
[Date "2014.07.12"]
[Round "8.6"]
[White "Kalinitschew, Sergey"]
[Black "Major, Vitalij"]
[Result "1-0"]
[WhiteElo "2426"]
[BlackElo "2197"]
[PlyCount "35"]
[EventDate "2014.??.??"]
[WhiteTeam "SC Kreuzberg e.V."]
[BlackTeam "SC Kreuzberg e.V."]

1. c4 Nf6 2. Nc3 c6 3. e4 d5 4. exd5 cxd5 5. d4 Nc6 6. Nf3 e6 7. Bd3 Be7 8. O-O
O-O 9. Re1 Nb4 10. Bf1 dxc4 11. Bxc4 b6 12. Ne5 Bb7 13. a3 Nbd5 14. Qd3 a6 15.
Qh3 b5 16. Bd3 g6 17. Bh6 Re8 18. Nxf7 1-0

[Event "Werner-Ott-Open Kreuzberger Sommer 2014"]
[Site "Berlin"]
[Date "2014.07.12"]
[Round "8.7"]
[White "Boetzer, Detlef"]
[Black "Lerch, Philipp"]
[Result "1/2-1/2"]
[WhiteElo "2228"]
[BlackElo "2197"]
[PlyCount "51"]
[EventDate "2014.??.??"]
[WhiteTeam "SC Rotation Pankow e.V."]
[BlackTeam "SK König Tegel 1949 e.V."]

1. d4 d5 2. c4 c6 3. Nc3 Nf6 4. e3 e6 5. Nf3 a6 6. b3 Bb4 7. Bd2 O-O 8. Be2
dxc4 9. bxc4 c5 10. Qb3 cxd4 11. Qxb4 dxc3 12. Bxc3 Ne4 13. Rd1 Bd7 14. Bb2 Nc6
15. Qa3 b6 16. O-O Qc7 17. Qd3 Nc5 18. Qd6 Rac8 19. Ba3 Qxd6 20. Rxd6 Rfd8 21.
Bxc5 bxc5 22. Rfd1 Be8 23. Rxd8 Rxd8 24. Rxd8 Nxd8 25. Ne5 Bc6 26. Nd3 1/2-1/2

[Event "Werner-Ott-Open Kreuzberger Sommer 2014"]
[Site "Berlin"]
[Date "2014.07.12"]
[Round "8.9"]
[White "Niechotz, Christopher"]
[Black "Schmidbauer, Martin"]
[Result "1/2-1/2"]
[WhiteElo "2070"]
[BlackElo "2242"]
[PlyCount "39"]
[EventDate "2014.??.??"]
[WhiteTeam "SC Kreuzberg e.V."]
[BlackTeam "SK Tempelhof 1931 e.V."]

1. c4 Nf6 2. g3 c5 3. Bg2 d5 4. cxd5 Nxd5 5. Nf3 Nc6 6. O-O Nc7 7. Nc3 g6 8. a3
Bg7 9. Rb1 O-O 10. b4 cxb4 11. axb4 Bf5 12. Rb3 Be6 13. Rb1 Bf5 14. Rb3 a5 15.
bxa5 Nxa5 16. Ra3 Nc4 17. Rxa8 Qxa8 18. Qb3 Be6 19. Qb4 Nd6 20. Ng5 {(=)}
1/2-1/2

[Event "Werner-Ott-Open Kreuzberger Sommer 2014"]
[Site "Berlin"]
[Date "2014.07.12"]
[Round "8.10"]
[White "Heerde, Thomas"]
[Black "Niehaus, Frank"]
[Result "1-0"]
[WhiteElo "2005"]
[BlackElo "2200"]
[PlyCount "123"]
[EventDate "2014.??.??"]
[WhiteTeam "SC Weisse Dame e.V."]
[BlackTeam "SK König Tegel 1949 e.V."]

1. Nf3 d6 2. g3 g6 3. Bg2 Bg7 4. O-O c5 5. c3 e6 6. e4 Ne7 7. Re1 O-O 8. d4 b6
9. Bg5 h6 10. Bf4 Nbc6 11. Na3 cxd4 12. cxd4 d5 13. e5 Qd7 14. h4 Ba6 15. Nc2
Rac8 16. Bh3 Rc7 17. Qd2 Kh7 18. Ne3 Rfc8 19. Ng4 Ng8 20. Nf6+ Nxf6 21. exf6
Bxf6 22. Bxc7 Rxc7 23. Rac1 Qd6 24. Bg2 Re7 25. Bf1 Bxf1 26. Kxf1 e5 27. dxe5
Nxe5 28. Nxe5 Rxe5 29. b3 d4 30. Qd3 Rf5 31. Qe4 Kg7 32. Red1 Ra5 33. Rc2 Rd5
34. Kg2 Qd7 {(=)} 35. Rd3 Rd6 36. Qa8 Qf5 37. Qf3 Qd7 38. Re2 Qc6 39. Rd1 Qxf3+
40. Kxf3 Rc6 41. Red2 Kf8 42. Ke4 Ke7 43. Re2 Kd7 44. Rdd2 Rc1 45. Rc2 Rd1 46.
Red2 Re1+ 47. Re2 Rd1 48. Red2 Re1+ 49. Kd3 Bg7 50. Rc4 Re6 51. Rdc2 Be5 52. f4
Bd6 53. Rxd4 Re1 54. Kc4 Re3 55. Rcd2 Re6 56. Kb5 Kc7 57. b4 Be7 58. Rc2+ Kb8
59. Rdc4 Bd6 60. Ka6 Re8 61. Rd4 Be7 62. Re4 1-0

[Event "Werner-Ott-Open Kreuzberger Sommer 2014"]
[Site "Berlin"]
[Date "2014.07.12"]
[Round "8.11"]
[White "Johansson, Thomas"]
[Black "Krefenstein, Sergej"]
[Result "1/2-1/2"]
[WhiteElo "2193"]
[BlackElo "2088"]
[PlyCount "83"]
[EventDate "2014.??.??"]
[WhiteTeam "Uppsala ASS"]
[BlackTeam "TuS Makkabi Berlin e.V."]

1. d4 Nf6 2. c4 g6 3. Nc3 d5 4. Nf3 Bg7 5. Bg5 Ne4 6. Bf4 c6 7. e3 Qa5 8. cxd5
Nxc3 9. bxc3 Qxc3+ 10. Nd2 O-O 11. Rc1 Qa5 12. Qb3 Qxd5 13. Qxd5 cxd5 14. Rc7
Bf6 15. Bb5 b6 16. Ke2 a6 17. Bd3 Be6 18. Rhc1 Nd7 19. h3 Rfd8 20. Rb7 b5 21.
Nb3 Nf8 22. Rcc7 Bc8 23. Ra7 Rxa7 24. Rxa7 Kg7 25. Nc5 Ne6 26. Nxe6+ fxe6 27.
Ra8 Rf8 28. Kd2 Bd7 29. Rxa6 Bxd4 30. exd4 Rxf4 31. Ke3 Rf8 32. Ra7 Rd8 33. Rb7
Kf6 34. f4 Be8 35. Ra7 h6 36. h4 h5 37. Kd2 Rc8 38. a3 Rb8 39. Kc3 Rc8+ 40. Kd2
Rb8 41. Kc3 Rc8+ 42. Kd2 {(=)} 1/2-1/2

[Event "Werner-Ott-Open Kreuzberger Sommer 2014"]
[Site "Berlin"]
[Date "2014.07.12"]
[Round "8.12"]
[White "Wierzbicki, Jirawat"]
[Black "Horstmann, Olaf"]
[Result "0-1"]
[WhiteElo "1804"]
[BlackElo "2182"]
[PlyCount "48"]
[EventDate "2014.??.??"]
[WhiteTeam "SK König Tegel 1949 e.V."]
[BlackTeam "Vereinigung der Schachsportfreun"]

1. e4 e6 2. d4 d5 3. Nc3 Nc6 4. Nf3 Nf6 5. Bg5 Be7 6. Bxf6 Bxf6 7. Bb5 O-O 8.
Qd2 Be7 9. O-O-O a6 10. Bxc6 bxc6 11. h4 Rb8 12. Qd3 Qd6 13. a3 Rxb2 14. Nxd5
Ra2 15. Nb4 Ra1+ 16. Kb2 Rxd1 17. Rxd1 c5 18. dxc5 Qxc5 19. Rd2 a5 20. Na2 Bb7
21. Nc1 Rb8 22. Qb3 Qa7 23. Ka1 Bxe4 24. Qa4 Bxf3 0-1

[Event "Werner-Ott-Open Kreuzberger Sommer 2014"]
[Site "Berlin"]
[Date "2014.07.12"]
[Round "8.13"]
[White "Acikel, Mert"]
[Black "Kollberg, Lothar"]
[Result "1/2-1/2"]
[WhiteElo "1707"]
[BlackElo "2177"]
[PlyCount "84"]
[EventDate "2014.??.??"]
[WhiteTeam "SV Mattnetz"]
[BlackTeam "SC Zugzwang 95 e.V."]

1. e4 g6 2. d4 Bg7 3. Nc3 d6 4. f4 a6 5. Nf3 b5 6. Bd3 Bb7 7. e5 b4 8. Ne4 e6
9. c3 bxc3 10. bxc3 Ne7 11. Ba3 Nc8 12. Qa4+ Bc6 13. Qb4 a5 14. Qb3 O-O 15.
Nfg5 Qd7 16. h4 h6 17. Nf3 Na6 18. h5 gxh5 19. Rxh5 Rb8 20. Qc2 Bb5 21. Nf6+
Bxf6 22. Bh7+ Kg7 23. exf6+ Kxf6 24. Rxh6+ Ke7 25. Ne5 Qe8 26. f5 exf5 27. Qxf5
Kd8 28. Kf2 Ne7 29. Qf6 dxe5 30. dxe5 Rb6 31. Rd1+ Kc8 32. Qxe7 Qxe7 33. Bxe7
Re8 34. Bf5+ Kb7 35. Rxb6+ Kxb6 36. Bf6 Nc5 37. Rd8 Rxd8 38. Bxd8 Bd3 39. Bxd3
Nxd3+ 40. Ke3 Nxe5 41. Ke4 Nc4 42. Kd4 Nd6 {(=)} 1/2-1/2

[Event "Werner-Ott-Open Kreuzberger Sommer 2014"]
[Site "Berlin"]
[Date "2014.07.12"]
[Round "8.14"]
[White "Gebigke, Martin"]
[Black "Schmidt, Jürgen"]
[Result "1-0"]
[WhiteElo "2152"]
[BlackElo "1996"]
[PlyCount "94"]
[EventDate "2014.??.??"]
[WhiteTeam "SC Kreuzberg e.V."]
[BlackTeam "SC Kreuzberg e.V."]

1. e4 e5 2. Nf3 Nc6 3. Bb5 a6 4. Ba4 Nf6 5. O-O b5 6. Bb3 Be7 7. Re1 d6 8. c3
O-O 9. h3 Nb8 10. d4 Nbd7 11. Nbd2 h6 12. Nf1 Bb7 13. Ng3 Re8 14. a4 exd4 15.
cxd4 Bf8 16. Bc2 c5 17. d5 g6 18. Nh2 Nb6 19. a5 Nc4 20. b3 Ne5 21. f4 Ned7 22.
Nf3 Bg7 23. Ra2 Nh7 24. e5 dxe5 25. f5 Ndf8 26. fxg6 fxg6 27. Ne4 Bxd5 28. Nxc5
Bxf3 29. Qxf3 Ng5 30. Qe2 Nge6 31. Nxe6 Rxe6 32. Be4 Rc8 33. Be3 Rd6 34. Rf1
Rc3 35. b4 Ne6 36. Bxg6 Nf4 37. Bxf4 exf4 38. Bb1 Bd4+ 39. Kh2 Be3 40. Qh5 Qg5
41. Qe8+ Kg7 42. Qe4 Qg3+ 43. Kh1 Rc1 44. Rxc1 Bxc1 45. Qe7+ Kg8 46. Bh7+ Kh8
47. Bc2 Rd1+ {ZÜ} 1-0

[Event "Werner-Ott-Open Kreuzberger Sommer 2014"]
[Site "Berlin"]
[Date "2014.07.12"]
[Round "8.15"]
[White "Bub, Volker"]
[Black "Kather, Yannick"]
[Result "1/2-1/2"]
[WhiteElo "2094"]
[BlackElo "2009"]
[PlyCount "63"]
[EventDate "2014.??.??"]
[WhiteTeam "SC Tornado 86 Hochneukirch"]
[BlackTeam "SC Weisse Dame e.V."]

1. g3 d5 2. Nf3 Nf6 3. Bg2 g6 4. O-O Bg7 5. d3 O-O 6. Nbd2 c5 7. e4 Nc6 8. c3
e5 9. exd5 Nxd5 10. Re1 Re8 11. a4 h6 12. Nc4 Bf5 13. a5 Rb8 14. Nh4 Be6 15.
Qa4 Nde7 16. Be3 g5 17. Nf3 Qxd3 18. Bf1 Qf5 19. Nfd2 Red8 20. Bxc5 b5 21. axb6
axb6 22. Nd6 Qg6 23. Ba3 Ra8 24. Qb5 Rxa3 25. Rxa3 Rxd6 26. Ra8+ Kh7 27. Ne4
Rd7 28. Qxb6 Bd5 29. Bd3 f5 30. Nc5 Rd6 31. Nb7 Rf6 32. Qc5 {(=)} 1/2-1/2

[Event "Werner-Ott-Open Kreuzberger Sommer 2014"]
[Site "Berlin"]
[Date "2014.07.12"]
[Round "8.16"]
[White "Schulz, Hartmut"]
[Black "Kohler, Thomas"]
[Result "1/2-1/2"]
[WhiteElo "2067"]
[BlackElo "2239"]
[PlyCount "40"]
[EventDate "2014.??.??"]
[WhiteTeam "SC Rotation Pankow e.V."]
[BlackTeam "SC Zitadelle Spandau 1977 e.V."]

1. d4 Nf6 2. c4 g6 3. Nc3 Bg7 4. e4 d6 5. f3 O-O 6. Be3 Nbd7 7. Qd2 {(=)} c5 8.
Nge2 a6 9. Rd1 b6 10. Nc1 Bb7 11. Be2 Ne8 12. d5 Nc7 13. O-O Re8 14. Kh1 e6 15.
dxe6 Rxe6 16. Nd3 Re8 17. Nf4 Be5 18. Nd3 Bg7 19. Nf4 Be5 20. Nd3 Bg7 1/2-1/2

[Event "Werner-Ott-Open Kreuzberger Sommer 2014"]
[Site "Berlin"]
[Date "2014.07.12"]
[Round "8.17"]
[White "Hörmann, David"]
[Black "Burger, Heinrich"]
[Result "1/2-1/2"]
[WhiteElo "1985"]
[BlackElo "2101"]
[PlyCount "191"]
[EventDate "2014.??.??"]
[WhiteTeam "SC Weisse Dame e.V."]
[BlackTeam "VfB Hermsdorf e.V."]

1. e4 c5 2. Nf3 e6 3. d4 cxd4 4. Nxd4 Nf6 5. Nc3 Nc6 6. Ndb5 Bb4 7. a3 Bxc3+ 8.
Nxc3 d5 9. exd5 exd5 10. Bg5 O-O 11. Be2 Re8 12. O-O d4 13. Nb1 Qd6 14. Nd2 Qe5
15. Bxf6 Qxe2 16. Bh4 Bf5 17. Rc1 Qb5 18. Qh5 Re5 19. Bg3 Bg6 20. Qd1 Re6 21.
b3 Rae8 22. Nc4 Qc5 23. Nb2 Qxa3 24. Nd3 Bxd3 25. cxd3 Re2 26. Rc2 R2e6 27. Rc4
Qa5 28. b4 Qb5 29. f3 a6 30. Re1 Rxe1+ 31. Bxe1 Qd5 32. Rc5 Qe6 33. Kf1 h6 34.
Qd2 Qg6 35. Bg3 Re3 36. Rc3 Kh7 37. Rb3 Ne5 38. Bxe5 Rxe5 39. Rb1 Re3 40. Rd1
Qf5 41. Kg1 Qe5 42. Rb1 Qf5 43. Rb3 Qe6 44. Rb2 Qg6 45. Kf2 Qh5 46. Kg1 Qh4 47.
Rb1 Qf4 48. Rb2 Qe5 49. Rc2 h5 50. Rc5 {(=)} Re1+ 51. Kf2 Qe3+ 52. Qxe3 Rxe3
53. Rxh5+ Kg6 54. Rd5 Rxd3 55. Ke2 Re3+ 56. Kd2 Rb3 57. Rxd4 Rb2+ 58. Ke3 Rxg2
59. Rd7 Rxh2 60. Rxb7 Ra2 61. Kf4 Ra4 62. Kg3 Kf6 63. b5 axb5 64. Rxb5 g5 65.
Rb6+ Kf5 66. Rb5+ Kg6 67. Rb6+ f6 68. Rc6 Rf4 69. Ra6 Kh5 70. Rb6 Rf5 71. Ra6
Kg6 72. Ra7 Rd5 73. Ra6 Rd1 74. Ra5 f5 75. Ra6+ Kh5 76. Ra2 f4+ 77. Kg2 Kh4 78.
Rb2 Rd3 79. Ra2 g4 80. fxg4 Kxg4 81. Rb2 Rg3+ 82. Kh2 Rh3+ 83. Kg1 Rc3 84. Kf2
Rc1 85. Ra2 Rc3 86. Rb2 Rh3 87. Kg2 f3+ 88. Kg1 Kg3 89. Ra2 Rh8 90. Rg2+ Kf4
91. Ra2 Rg8+ 92. Kf1 Kg3 93. Ra7 Rg4 94. Ra8 Rc4 95. Rg8+ Kf4 96. Rf8+ 1/2-1/2

[Event "Werner-Ott-Open Kreuzberger Sommer 2014"]
[Site "Berlin"]
[Date "2014.07.12"]
[Round "8.18"]
[White "Hohn, August"]
[Black "Badestein, Hartmut"]
[Result "1-0"]
[WhiteElo "1965"]
[BlackElo "2077"]
[PlyCount "71"]
[EventDate "2014.??.??"]
[WhiteTeam "SC Zugzwang 95 e.V."]
[BlackTeam "SC Friesen Lichtenberg e.V."]

1. c4 Nf6 2. Nc3 e6 3. e4 d6 4. Nf3 c5 5. g3 Nc6 6. Bg2 Be7 7. O-O a6 8. d4
cxd4 9. Nxd4 Bd7 10. Be3 Nxd4 11. Qxd4 Bc6 12. Rac1 O-O 13. h3 Rc8 14. Rfd1 b5
15. cxb5 axb5 16. a3 Qa5 17. Qa7 Qxa7 18. Bxa7 Nd7 19. Bd4 Nc5 20. Bxc5 dxc5
21. e5 b4 22. axb4 cxb4 23. Bxc6 Rxc6 24. Nd5 exd5 25. Rxc6 Rd8 26. Kg2 g5 27.
Kf3 Kg7 28. Rd3 f6 29. Rc7 Kf7 30. exf6 Kxf6 31. Rb7 h5 32. Ke2 Bf8 33. Rf3+
Ke6 34. Kd3 Bd6 35. g4 hxg4 36. hxg4 1-0

[Event "Werner-Ott-Open Kreuzberger Sommer 2014"]
[Site "Berlin"]
[Date "2014.07.12"]
[Round "8.19"]
[White "Moos, Gerd A. Ferdinand"]
[Black "Faulhaber, Rolf"]
[Result "1/2-1/2"]
[WhiteElo "1956"]
[BlackElo "2068"]
[PlyCount "173"]
[EventDate "2014.??.??"]
[WhiteTeam "Vereinigung der Schachsportfreun"]
[BlackTeam "SK Tauberbischofsheim"]

1. d4 e6 2. c4 Nf6 3. Nc3 Bb4 4. Qc2 O-O 5. a3 Bxc3+ 6. Qxc3 b6 7. Bg5 Bb7 8.
e3 h6 9. Bh4 d6 10. f3 Nbd7 11. Bd3 d5 12. cxd5 exd5 13. Ne2 Re8 14. Bf2 c5 15.
Rd1 Rc8 16. O-O cxd4 17. Qxd4 Nc5 18. Bb1 Ba6 19. Rfe1 Bc4 20. Nc3 Qe7 21. Qf4
Qe5 22. Qxe5 Rxe5 23. Bg3 Ree8 24. h3 Rcd8 25. Kf2 Rd7 26. Ne2 Rde7 27. Nd4 g6
28. Bc2 a5 29. b3 Ba6 30. Nc6 Re6 31. Nd4 R6e7 32. b4 Ne6 33. Nc6 Rb7 34. a4
axb4 35. Nxb4 Bc4 36. Be5 Nd7 37. Bd6 Nc7 38. e4 Nf6 39. e5 Nd7 40. f4 Nf8 41.
g4 Ra8 42. Nc6 Ne8 43. Bb4 Rc7 44. Nd4 Ne6 45. Nxe6 fxe6 46. Rd2 Kg7 47. Ke3
Rf7 48. Rf2 Nc7 49. f5 exf5 50. gxf5 gxf5 51. Rg1+ Kh8 52. Bxf5 Rg7 53. Rxg7
Kxg7 54. Bc3 Ne6 55. Bxe6 d4+ 56. Bxd4 Bxe6 57. Rf6 Bxh3 58. e6 Bxe6 59. Rxe6+
Kf7 60. Rf6+ Ke7 61. Rf4 Ra6 62. Kd3 Ke6 63. Bg7 h5 64. Kc3 Ra5 65. Kb4 Rg5 66.
Rf6+ Kd5 67. Rf7 h4 68. Bh6 Rg6 69. Bf4 h3 70. Bc7 Kc6 71. Rh7 Rg4+ 72. Kb3 Re4
73. Bb8 Re3+ 74. Kb4 Re4+ 75. Ka3 Re3+ 76. Kb2 Re4 77. Rc7+ Kd5 78. Kb3 Rh4 79.
Rc2 Re4 80. Bc7 Re6 81. Kb4 Rc6 82. Rd2+ Ke6 83. Bd8 Rd6 84. Re2+ Kd7 85. Bg5
Kc6 86. Rc2+ Kb7 87. Bf4 1/2-1/2

[Event "Werner-Ott-Open Kreuzberger Sommer 2014"]
[Site "Berlin"]
[Date "2014.07.12"]
[Round "8.20"]
[White "Oppermann, Peter"]
[Black "Sechting, Martin"]
[Result "1/2-1/2"]
[WhiteElo "1951"]
[BlackElo "2054"]
[PlyCount "118"]
[EventDate "2014.??.??"]
[WhiteTeam "SK Tempelhof 1931 e.V."]
[BlackTeam "SC Weisse Dame e.V."]

1. d4 f5 2. g3 Nf6 3. Bg2 e6 4. Nf3 Be7 5. O-O O-O 6. c4 Ne4 7. Qc2 Nc6 8. a3
Bf6 9. e3 a5 10. Nbd2 d5 11. Nxe4 fxe4 12. Nd2 Bd7 13. Rb1 a4 14. b4 axb3 15.
Nxb3 b6 16. Ra1 Ra4 17. Nd2 Na5 18. cxd5 exd5 19. Bb2 Nc4 20. Nxc4 Rxc4 21. Qd2
Ba4 22. Rfc1 Rxc1+ 23. Rxc1 Be7 24. Qe2 c6 25. Qg4 Qc8 26. Qxc8 Rxc8 27. Bh3
Rd8 28. Be6+ Kf8 29. Bg4 Bb5 30. Bh3 Ra8 31. Bd7 {(=)} Ra5 32. Bxc6 Bxc6 33.
Rxc6 Rb5 34. Bc1 Ke8 35. a4 Rb1 36. Kg2 Kd7 37. Rc2 Ra1 38. f3 exf3+ 39. Kxf3
Rxa4 40. Bb2 Ra2 41. Rf2 b5 42. Bc3 Rxf2+ 43. Kxf2 b4 44. Bb2 Kc6 45. Ke2 Kb5
46. Kd3 Ka4 47. Kc2 b3+ 48. Kd3 Ba3 49. Bc3 h5 50. e4 dxe4+ 51. Kxe4 b2 52.
Bxb2 Bxb2 53. d5 g6 54. d6 Kb5 55. Kd5 Bf6 56. Ke6 Bd8 57. h4 Kc6 58. Kf7 g5
59. hxg5 Bxg5 1/2-1/2

[Event "Werner-Ott-Open Kreuzberger Sommer 2014"]
[Site "Berlin"]
[Date "2014.07.12"]
[Round "8.21"]
[White "Kievelitz, Bernd"]
[Black "Jaeger, Andre"]
[Result "1-0"]
[WhiteElo "2046"]
[BlackElo "1991"]
[PlyCount "71"]
[EventDate "2014.??.??"]
[WhiteTeam "SC Zitadelle Spandau 1977 e.V."]
[BlackTeam "SC Rochade e.V."]

1. Nf3 c5 2. c4 g6 3. d4 Bg7 4. Nc3 cxd4 5. Nxd4 Nc6 6. Nc2 d6 7. e4 Be6 8. Be2
Rc8 9. O-O a6 10. Nd5 Nf6 11. f3 O-O 12. Be3 Nd7 13. Rb1 f5 14. Nd4 Nxd4 15.
Bxd4 Bxd4+ 16. Qxd4 Ne5 17. b4 Nc6 18. Qd2 fxe4 19. fxe4 Bxd5 20. Qxd5+ Kg7 21.
Rxf8 Qxf8 22. b5 axb5 23. Rf1 Qg8 24. Qxb5 Nd8 25. Qb2+ e5 26. Qb6 Qe6 27. Rd1
Nc6 28. Qxb7+ Kh6 29. h3 Na5 30. Qa6 Rxc4 31. Qxa5 Rxe4 32. Bg4 Qc4 33. Qd2+
Kg7 34. Qxd6 Kh6 35. Qf8+ Kg5 36. Qe7+ 1-0

[Event "Werner-Ott-Open Kreuzberger Sommer 2014"]
[Site "Berlin"]
[Date "2014.07.12"]
[Round "8.22"]
[White "Kunz, Andre"]
[Black "Schulz, Olaf"]
[Result "0-1"]
[WhiteElo "2029"]
[BlackElo "1987"]
[PlyCount "66"]
[EventDate "2014.??.??"]
[WhiteTeam "BSV 63 Chemie Weißensee"]
[BlackTeam "SC Rotation Pankow e.V."]

1. e4 c6 2. d4 d5 3. exd5 cxd5 4. Bd3 g6 5. c3 Bg7 6. Bf4 Nf6 7. Nd2 Nh5 8. Bg5
f6 9. Be3 Qd6 10. g3 e5 11. Be2 Nf4 12. Bf1 Ne6 13. dxe5 fxe5 14. Bb5+ Nc6 15.
Ne4 Qd8 16. Nc5 O-O 17. Qb3 Na5 18. Qb4 a6 19. Be2 d4 20. O-O-O Nxc5 21. Qxc5
b6 22. Qb4 Qd5 23. f3 Qxa2 24. Bg5 Bf5 25. Kd2 dxc3+ 26. Qxc3 Rac8 27. Qa3 Nc4+
28. Bxc4+ Qxc4 29. Ne2 e4 30. Rhf1 exf3 31. Rxf3 Rfe8 32. Re3 Bf8 33. Qb3 Bb4+
0-1

[Event "Werner-Ott-Open Kreuzberger Sommer 2014"]
[Site "Berlin"]
[Date "2014.07.12"]
[Round "8.23"]
[White "Meyer-Dunker, Paul"]
[Black "Ziese, Gerhard"]
[Result "1-0"]
[WhiteElo "1889"]
[BlackElo "1993"]
[PlyCount "39"]
[EventDate "2014.??.??"]
[WhiteTeam "SC Friesen Lichtenberg e.V."]
[BlackTeam "SG Turm Leipzig"]

1. e4 e5 2. Nf3 Nc6 3. Bb5 f5 4. d3 fxe4 5. dxe4 Nf6 6. O-O Bc5 7. Qd3 d6 8.
Qc4 Qe7 9. Nc3 Bd7 10. Nd5 Nxd5 11. exd5 Nd4 12. Bxd7+ Qxd7 13. Nxe5 Qf5 14.
Nd3 O-O-O 15. a4 a6 16. Kh1 Rhf8 17. b4 Bb6 18. Be3 Qf6 19. c3 Rde8 20. Bxd4
1-0

[Event "Werner-Ott-Open Kreuzberger Sommer 2014"]
[Site "Berlin"]
[Date "2014.07.12"]
[Round "8.24"]
[White "Rauscher, Joachim"]
[Black "Baumert, Christian"]
[Result "0-1"]
[WhiteElo "1823"]
[BlackElo "2137"]
[PlyCount "116"]
[EventDate "2014.??.??"]
[WhiteTeam "SC Brett vorm Kopp Ffm"]
[BlackTeam "SG Lasker Steglitz-Wilmersdorf"]

1. e4 c6 2. d4 d5 3. Nc3 dxe4 4. Nxe4 Nd7 5. Nf3 Ngf6 6. Nxf6+ Nxf6 7. Be2 e6
8. O-O Be7 9. c4 O-O 10. b3 b6 11. Bb2 Bb7 12. Re1 Qc7 13. Qc2 c5 14. dxc5 Qxc5
15. Ne5 Be4 16. Bd3 Bxd3 17. Nxd3 Qf5 18. Re5 Qg6 19. Qe2 Bd6 20. Re3 Rfd8 21.
Ne5 Qh5 22. Qxh5 Nxh5 23. Kf1 Nf4 24. Nd3 Rd7 25. Ne5 Bxe5 26. Bxe5 Ng6 27. Bc3
Rad8 28. g3 h5 29. Ke1 Ne7 30. Re2 Nf5 31. Kf1 Rd3 32. Bb2 R8d7 33. Be5 f6 34.
Bb2 e5 35. Rc1 Kf7 36. c5 bxc5 37. Rxc5 g5 38. Rec2 g4 39. Rc7 Ng7 40. Rxd7+
Rxd7 41. Ke2 Ne6 42. b4 Ng5 43. Rc1 Ke6 44. a4 Nf3 45. Rd1 Rxd1 46. Kxd1 Nxh2
47. b5 Kd6 48. Ba3+ Kc7 49. Bc5 Kb7 50. a5 a6 51. b6 Nf3 52. Ke2 f5 53. Be7
Nd4+ 54. Ke3 Nc6 55. Bf6 Nxa5 56. f3 Nc6 57. fxg4 hxg4 58. Kd3 Kxb6 0-1

[Event "Werner-Ott-Open Kreuzberger Sommer 2014"]
[Site "Berlin"]
[Date "2014.07.12"]
[Round "8.25"]
[White "Hoffmann, Rainer"]
[Black "Peter, Volkhard"]
[Result "1-0"]
[WhiteElo "2110"]
[BlackElo "1812"]
[PlyCount "95"]
[EventDate "2014.??.??"]
[WhiteTeam "BSC Rehberge 1945 e.V."]
[BlackTeam "SC Oranienburg e.V."]

1. c4 Nf6 2. Nc3 g6 3. e4 d6 4. d4 Bg7 5. Be2 O-O 6. Nf3 Re8 7. h3 Nc6 8. Be3
Nd7 9. Qd2 e6 10. O-O f5 11. d5 Nce5 12. dxe6 Nxf3+ 13. Bxf3 Ne5 14. Bg5 Nxf3+
15. gxf3 Bf6 16. Bxf6 Qxf6 17. Nd5 Qg7 18. Qc3 Qxc3 19. bxc3 Bxe6 20. Nxc7 Bxc4
21. Rfe1 d5 22. Nxa8 Rxa8 23. exf5 gxf5 24. Re7 Ba6 25. Rae1 Rc8 26. Re8+ Rxe8
27. Rxe8+ Kf7 28. Rd8 Ke6 29. f4 Bc4 30. a3 a6 31. f3 Kf6 32. Kf2 Bb5 33. Rxd5
Bc6 34. Rd6+ Kf7 35. Ke3 Be8 36. c4 Ke7 37. c5 a5 38. h4 h5 39. Rh6 a4 40. Kd4
Kd7 41. Ke5 Kc7 42. Kxf5 Bc6 43. Rxh5 Bxf3 44. Rh6 Bc6 45. Ke5 b5 46. cxb6+
Kxb6 47. h5 Kb5 48. Rxc6 1-0